Ley N° 5811 y su reglamento

Saved in:
Bibliographic Details
Corporate Author: Costa Rica. Ministerio de Gobernación, Policía y Seguridad Pública. Oficina Control de Propaganda
Format: Text
Published: San José: MGP
Tags: Add Tag
No Tags, Be the first to tag this record!

MARC

LEADER 00000 a a2200000 04500
001 26792
003
040
090 |a 149800  
110 |a Costa Rica. Ministerio de Gobernación, Policía y Seguridad Pública. Oficina Control de Propaganda  
245 |a Ley N° 5811 y su reglamento  
260 |a San José:   |b MGP  
300 |a 11 p  
999 |c 5708  |d 5708